|
|
|
|
| LEADER |
00000nam0a2200000 4500 |
| 001 |
145442 |
| 005 |
20231031144102.0 |
| 010 |
|
|
|a 9785394000560
|
| 035 |
|
|
|a (RuTPU)RU\TPU\book\157648
|
| 090 |
|
|
|a 145442
|
| 100 |
|
|
|a 20081016d2008 m y0rusy50 ca
|
| 101 |
0 |
|
|a rus
|
| 102 |
|
|
|a RU
|
| 105 |
|
|
|a a j 001zy
|
| 200 |
1 |
|
|a Начертательная геометрия. Решение задач
|e учебное пособие
|f Ю. А. Зайцев
|
| 210 |
|
|
|a Москва
|c Дашков и К
|d 2008
|
| 215 |
|
|
|a 276 с.
|c ил.
|
| 320 |
|
|
|a Литература: с. 275.
|
| 330 |
|
|
|a Учебное пособие содержит чертежи и рисунки, довольно подробно иллюстрирующие динамику выполнения построений графического решения типовых задач. Рассматриваются основные теоретические положения курса начертательной геометрии, применяемые в практике графического решения метрических и позиционных задач. При изложении теоретических положений использована методика преподавания курса в Саратовском государственном техническом университете. Для студентов машиностроительных специальностей вузов.
|
| 610 |
1 |
|
|a начертательная геометрия
|
| 610 |
1 |
|
|a задачи
|
| 610 |
1 |
|
|a решение
|
| 610 |
1 |
|
|a учебные пособия
|
| 610 |
1 |
|
|a прямые
|
| 610 |
1 |
|
|a плоскости
|
| 610 |
1 |
|
|a комплексные чертежи
|
| 610 |
1 |
|
|a многогранные поверхности
|
| 610 |
1 |
|
|a взаимное пересечение
|
| 610 |
1 |
|
|a поверхности вращения
|
| 675 |
|
|
|a 514.18(076)
|v 3
|
| 700 |
|
1 |
|a Зайцев
|b Ю. А.
|g Юрий Александрович
|
| 801 |
|
1 |
|a RU
|b 63413507
|c 20081016
|g PSBO
|
| 801 |
|
2 |
|a RU
|b 63413507
|c 20150506
|g PSBO
|
| 900 |
|
|
|a Начертательная геометрия
|
| 900 |
|
|
|a Начертательная геометрия и графика
|
| 900 |
|
|
|a Начертательная геометрия, инженерная графика
|
| 900 |
|
|
|a Начертательная геометрия. Инженерная графика
|
| 900 |
|
|
|a Начертательная геометрия. Инженерно-геологическая графика
|
| 942 |
|
|
|c BK
|
| 951 |
|
|
|a 550000
|